| 000 | 00932cab a2200337 4500 | ||
|---|---|---|---|
| 001 | ABS47280 | ||
| 008 | 090401t1992 xxu||||| |||| 00| 0 eng d | ||
| 035 | _a(Sirsi) u61381 | ||
| 041 | _aeng | ||
| 245 | _aEuropean review | ||
| 260 | _c1992 | ||
| 300 | _aLOAN | ||
| 350 | _a0 | ||
| 490 |
_aEstates Times _vSupplement 23 October 1992 (42) |
||
| 520 | _aSupplement on commercial property in Europe including articles on Paris offices and retail property, Dordrecht, Amsterdam, Schipol Airport, Frankfurt, Munich, Denmark, Lisbon, Madrid, Prague and Milan. | ||
| 650 | _aBELGIUM | ||
| 650 | _aBERLIN | ||
| 650 | _aCZECOSOLVAKIA | ||
| 650 | _aDRESDEN | ||
| 650 | _aEASTERN EUROPE | ||
| 650 | _aFRANCE | ||
| 650 | _aGERMANY | ||
| 650 | _aHUNGARY | ||
| 650 | _aLEIPZIG | ||
| 650 | _aNETHERALNDS | ||
| 650 | _aPORTUGAL | ||
| 650 | _aSPAIN | ||
| 690 | _aOVERSEAS-EUROPE | ||
| 942 | _n0 | ||
| 948 | _c04/03/1997 | ||
| 999 |
_c38015 _d38015 |
||